| 000 | 00360nam a2200133Ia 4500 | ||
|---|---|---|---|
| 008 | 240624s9999 xx 000 0 und d | ||
| 041 | _aeng | ||
| 082 | _a333.790973 CHE | ||
| 100 | _aMCNERNEY CONGRESSMAN JERRY | ||
| 245 | _aCLEAN ENERGY NATION FREEING AMERICA FROM | ||
| 260 |
_c2012 _aNew York _bAMACOM |
||
| 300 | _ax, : 310 : p. : cm. ; 24 | ||
| 365 |
_c _b28 |
||
| 999 |
_c22011 _d22011 |
||